Sports Quiz

Random Sports Quiz
Score 0/48 Timer 10:00
1 Play Today
Année Joueur % Correct
2011-2012Pierre-Emerick Aubameyang
95.2%
2012-2013Pierre-Emerick Aubameyang
95.2%
2019-2020Romain Hamouma
94.9%
2016-2017Robert Beric
93.5%
2017-2018Robert Beric
93.5%
2018-2019Robert Beric
93.5%
2019-2020Denis Bouanga
92%
2019-2020Wahbi Khazri
91.7%
2018-2019Wahbi Khazri
90.3%
2013-2014Romain Hamouma
90.1%
2015-2016Romain Hamouma
90.1%
2016-2017Romain Hamouma
90.1%
2011-2012Max-Alain Gradel
89.1%
2014-2015Max-Alain Gradel
89.1%
2013-2014Mevlut Erding
82.1%
2014-2015Mevlut Erding
82.1%
2012-2013Evaeverson Brandao
81.4%
2006-2007Bafétimbi Gomis
81.4%
2007-2008Bafétimbi Gomis
81.4%
2008-2009Bafétimbi Gomis
81.4%
2004-2005Pascal Feindouno
79.5%
2005-2006Pascal Feindouno
79.5%
2007-2008Pascal Feindouno
79.5%
2006-2007Ilan
76.4%
Année Joueur % Correct
2017-2018Rémy Cabella
75.1%
2018-2019Rémy Cabella
75.1%
2006-2007Pascal Feindouno
70.5%
2008-2009Araujo Ilan
70.5%
2012-2013Romain Hamouma
69.4%
2004-2005Frédéric Piquionne
59.9%
2005-2006Frédéric Piquionne
59.9%
2008-2009Dimitri Payet
59.5%
2009-2010Dimitri Payet
59.5%
2010-2011Dimitri Payet
59.5%
2009-2010Gonzalo Bergessio
56.4%
2015-2016Nolan Roux
48.3%
2016-2017Kévin Monnet-Paquet
46.7%
2007-2008Geoffrey Dernis
41.4%
2005-2006Helder Postiga
40.9%
2017-2018Jonathan Bamba
40.7%
2009-2010Emmanuel Rivière
35.3%
2010-2011Emmanuel Rivière
35.3%
2004-2005Julien Sablé
34.8%
2010-2011Bakary Sako
32.1%
2014-2015Ricky van Wolfswinkel
25.4%
2013-2014Benjamin Corgnet
22.2%
2015-2016Valentin Eysseric
20.4%
2011-2012Laurent Batlles
12.4%
Remove Ads.
Support Sporcle.
Get the best of Sporcle when you Go Orange. This ad-free experience offers more features, more stats, and more fun while also helping to support Sporcle. Thank you for becoming a member.

You're not logged in!

Compare scores with friends on all Sporcle quizzes.
OR
Log In

Sporcle TV

Today on Sporcle TV


Watch our educational content, quiz creation guides, and fun videos on Sporcle TV.

Show Comments

Extras

Created Jun 20, 2019ReportNominate
Tags:2004, les, Miller, Outer

Top Quizzes Today


Score Distribution

Paid Content

Your Account Isn't Verified!

In order to create a playlist on Sporcle, you need to verify the email address you used during registration. Go to your Sporcle Settings to finish the process.

Report this User

Report this user for behavior that violates our Community Guidelines.

Details: